<?xml version="1.0" encoding="UTF-8"?>
<record
    xmlns:xsi="http://www.w3.org/2001/XMLSchema-instance"
    xsi:schemaLocation="http://www.loc.gov/MARC21/slim http://www.loc.gov/standards/marcxml/schema/MARC21slim.xsd"
    xmlns="http://www.loc.gov/MARC21/slim">

  <leader>03736nam a22003137a 4500</leader>
  <controlfield tag="001">9283</controlfield>
  <controlfield tag="003">FISKH</controlfield>
  <controlfield tag="005">20251209093739.0</controlfield>
  <controlfield tag="008">251209b        cb ||||| |||| 00| 0 eng d</controlfield>
  <datafield tag="020" ind1=" " ind2=" ">
    <subfield code="a">9789996301513</subfield>
  </datafield>
  <datafield tag="040" ind1=" " ind2=" ">
    <subfield code="a">FISKH</subfield>
    <subfield code="b">khr</subfield>
    <subfield code="c">FISKH</subfield>
    <subfield code="d">FISKH</subfield>
  </datafield>
  <datafield tag="050" ind1=" " ind2=" ">
    <subfield code="a">PZ7</subfield>
  </datafield>
  <datafield tag="082" ind1=" " ind2=" ">
    <subfield code="a">398.2</subfield>
  </datafield>
  <datafield tag="100" ind1=" " ind2=" ">
    <subfield code="a">Sotheary, Kimsun</subfield>
  </datafield>
  <datafield tag="245" ind1=" " ind2=" ">
    <subfield code="a">&#x17A7;&#x1791;&#x17B7;&#x1785;&#x17D2;&#x1785;&#x178F;&#x17B6;&#x1794;&#x179F; /</subfield>
    <subfield code="c">&#x179A;&#x17C0;&#x1794;&#x179A;&#x17C0;&#x1784;&#x178A;&#x17C4;&#x1799; &#x179B;&#x17C4;&#x1780;&#x179F;&#x17D2;&#x179A;&#x17B8; &#x1782;&#x17B9;&#x1798;&#x179F;&#x17CA;&#x17BB;&#x1793; &#x179F;&#x17BB;&#x1792;&#x17B6;&#x179A;&#x17B8;&#x200B;, &#x1782;&#x178E;&#x1780;&#x1798;&#x17D2;&#x1798;&#x1780;&#x17B6;&#x179A;&#x17A2;&#x17C6;&#x178E;&#x17B6;&#x1793; &#x179B;&#x17C4;&#x1780; &#x1792;&#x17B8; &#x1785;&#x17B6;&#x1793;&#x17CB;&#x1790;&#x1793; &#x1793;&#x17B7;&#x1784; &#x1780;&#x1789;&#x17D2;&#x1789;&#x17B6; &#x17A0;&#x17C1;&#x1784; &#x1785;&#x179A;&#x17B7;&#x1799;&#x17B6; </subfield>
  </datafield>
  <datafield tag="260" ind1=" " ind2=" ">
    <subfield code="a">&#x1797;&#x17D2;&#x1793;&#x17C6;&#x1796;&#x17C1;&#x1789; : </subfield>
    <subfield code="b">Reading Books , </subfield>
    <subfield code="c">2012 . </subfield>
  </datafield>
  <datafield tag="300" ind1=" " ind2=" ">
    <subfield code="a">24 pages : </subfield>
    <subfield code="b">color illustrations ; </subfield>
    <subfield code="c">25 cm . </subfield>
  </datafield>
  <datafield tag="490" ind1=" " ind2=" ">
    <subfield code="a">&#x1796;&#x17B7;&#x1797;&#x1796;&#x179A;&#x17BF;&#x1784;&#x1793;&#x17B7;&#x1791;&#x17B6;&#x1793;</subfield>
  </datafield>
  <datafield tag="505" ind1=" " ind2=" ">
    <subfield code="a">N 
</subfield>
  </datafield>
  <datafield tag="520" ind1=" " ind2=" ">
    <subfield code="a">&#x1796;&#x17D2;&#x179A;&#x17C7;&#x179A;&#x17B6;&#x1787;&#x1780;&#x17BB;&#x1798;&#x17B6;&#x179A; &#x1791;&#x17BB;&#x178A;&#x17D2;&#x178B;&#x1780;&#x17BB;&#x1798;&#x17B6;&#x179A; &#x1787;&#x17B6;&#x1794;&#x17BB;&#x178F;&#x17D2;&#x179A;&#x17B6;&#x179A;&#x1794;&#x179F;&#x17CB;&#x179F;&#x17D2;&#x178F;&#x17C1;&#x1785;&#x1798;&#x17BD;&#x1799;&#x17A2;&#x1784;&#x17D2;&#x1782; &#x17D4; &#x178A;&#x17C4;&#x1799;&#x1796;&#x17D2;&#x179A;&#x17C7;&#x179A;&#x17B6;&#x1787;&#x1780;&#x17BB;&#x1798;&#x17B6;&#x179A;&#x1787;&#x17B6;&#x1780;&#x17D2;&#x1798;&#x17C1;&#x1784;&#x1780;&#x17C4;&#x1784;&#x1780;&#x17B6;&#x1785;&#x1782;&#x17D2;&#x1798;&#x17B6;&#x1793;&#x17A0;&#x17C1;&#x178F;&#x17BB;&#x1795;&#x179B; &#x1796;&#x179B;&#x179F;&#x17C1;&#x1793;&#x17B6;&#x1780;&#x17CF;&#x1799;&#x1780;&#x1791;&#x17D2;&#x179A;&#x1784;&#x17CB;&#x1791;&#x17C5;&#x1794;&#x178E;&#x17D2;&#x178F;&#x17C2;&#x178F;&#x1785;&#x17C4;&#x179B;&#x178F;&#x17B6;&#x1798;&#x1791;&#x17B9;&#x1780; &#x17D4; &#x1796;&#x17D2;&#x179A;&#x17C7;&#x1780;&#x17BB;&#x1798;&#x17B6;&#x179A;&#x1780;&#x17CF;&#x1794;&#x17B6;&#x1793;&#x178F;&#x17C4;&#x1784;&#x1780;&#x17C6;&#x178E;&#x17B6;&#x178F;&#x17CB;&#x1788;&#x17BE;&#x1798;&#x17BD;&#x1799; &#x1787;&#x17B6;&#x1798;&#x17BD;&#x1799;&#x1793;&#x17B9;&#x1784; &#x1796;&#x179F;&#x17CB; &#x179F;&#x17C1;&#x1780; &#x1793;&#x17B7;&#x1784; &#x1780;&#x178E;&#x17D2;&#x178F;&#x179A; &#x17D4; &#x1780;&#x17D2;&#x179A;&#x17C4;&#x1799;&#x1798;&#x1780;&#x1796;&#x17BD;&#x1780;&#x1782;&#x17C1;&#x1780;&#x17CF;&#x1794;&#x17B6;&#x1793;&#x1787;&#x17BD;&#x1794;&#x17A7;&#x1791;&#x17B7;&#x1785;&#x17D2;&#x1785;&#x178F;&#x17B6;&#x1794;&#x179F; &#x17D4; &#x178F;&#x17B6;&#x1794;&#x179F;&#x1780;&#x17CF;&#x1794;&#x17B6;&#x1793;&#x17A2;&#x17C4;&#x1799;&#x1785;&#x17C6;&#x178E;&#x17B8;&#x1791;&#x17C5;&#x179F;&#x178F;&#x17D2;&#x179C;&#x1791;&#x17B6;&#x17C6;&#x1784;&#x1794;&#x17B8;&#x179F;&#x17BB;&#x17B8;&#x1798;&#x17BB;&#x1793;&#x1796;&#x17D2;&#x179A;&#x17C7;&#x179A;&#x17B6;&#x1787;&#x1780;&#x17BB;&#x1798;&#x17B6;&#x179A;&#x1792;&#x17D2;&#x179C;&#x17BE;&#x17A2;&#x17C4;&#x1799;&#x1791;&#x17D2;&#x179A;&#x1784;&#x17CB;&#x1781;&#x17D2;&#x1789;&#x17B6;&#x179B;&#x17CB;&#x1799;&#x17C9;&#x17B6;&#x1784;&#x1781;&#x17D2;&#x179B;&#x17B6;&#x17C6;&#x1784;&#x1780;&#x17CF;&#x1798;&#x17B6;&#x1793;&#x1785;&#x17B7;&#x178F;&#x17D2;&#x178F;&#x1782;&#x17BB;&#x17C6;&#x1782;&#x17BD;&#x1793;&#x1793;&#x17B9;&#x1784;&#x178F;&#x17B6;&#x1794;&#x179F; &#x17D4;&#x200B; &#x1796;&#x17B8;&#x179A; &#x1794;&#x17B8; &#x1790;&#x17D2;&#x1784;&#x17C3;&#x1780;&#x17D2;&#x179A;&#x17C4;&#x1799;&#x1798;&#x1780;&#x17A2;&#x17D2;&#x1793;&#x1780;&#x1791;&#x17B6;&#x17C6;&#x1784;&#x1794;&#x17BD;&#x1793;&#x1780;&#x17CF;&#x179B;&#x17B6;&#x179B;&#x17C4;&#x1780;&#x178F;&#x17B6; &#x17A0;&#x17BE;&#x1799;&#x200B;&#x1780;&#x17CF;&#x179F;&#x1793;&#x17D2;&#x1799;&#x17B6;&#x1790;&#x17B6;&#x1793;&#x17B9;&#x1784;&#x178F;&#x1794;&#x179F;&#x17D2;&#x1793;&#x1784;&#x179F;&#x1784;&#x1782;&#x17BB;&#x178E;&#x179B;&#x17C4;&#x1780;&#x178F;&#x17B6;&#x200B;&#x1787;&#x17B6;&#x1791;&#x17B8;&#x1782;&#x17B6;&#x1794;&#x17CB;&#x1785;&#x17B7;&#x178F;&#x17D2;&#x178F; &#x17D4; &#x179B;&#x17C4;&#x1780;&#x178F;&#x17B6;&#x1780;&#x17CF;&#x1791;&#x17C5;&#x179A;&#x1780;&#x1796;&#x17D2;&#x179A;&#x17C7;&#x179A;&#x17B6;&#x1787;&#x1780;&#x17BB;&#x1798;&#x17B6;&#x179A;&#x1793;&#x17C5;&#x1793;&#x1782;&#x179A; &#x178A;&#x17C4;&#x1799;&#x179F;&#x17B6;&#x179A;&#x1780;&#x17B6;&#x179A;&#x1785;&#x1784;&#x1782;&#x17C6;&#x1793;&#x17BB;&#x17C6; &#x1796;&#x17D2;&#x179A;&#x17C7;&#x179A;&#x17B6;&#x1787;&#x1780;&#x17BB;&#x1798;&#x17B6;&#x179A;&#x1780;&#x17CF;&#x1794;&#x1789;&#x17D2;&#x1787;&#x17B6;&#x17A2;&#x17C4;&#x1799;&#x179F;&#x17C1;&#x1793;&#x17B6;&#x1785;&#x17B6;&#x1794;&#x17CB;&#x178F;&#x17B6;&#x1794;&#x179F;&#x1799;&#x1780;&#x1791;&#x17C5;&#x179F;&#x1798;&#x17D2;&#x179B;&#x17B6;&#x1794;&#x17CB; &#x17D4; &#x1780;&#x17D2;&#x179A;&#x17C4;&#x1799;&#x178A;&#x17B9;&#x1784;&#x1780;&#x17B6;&#x179A;&#x1796;&#x17B7;&#x178F;&#x1796;&#x17B8;&#x178F;&#x17B6;&#x1794;&#x179F;&#x200B; &#x179F;&#x17C1;&#x1793;&#x17B6;&#x1780;&#x17CF;&#x1785;&#x17B6;&#x1794;&#x17CB;&#x1796;&#x17D2;&#x179A;&#x17C7;&#x179A;&#x17B6;&#x1787;&#x1780;&#x17BB;&#x1798;&#x17B6;&#x179A;&#x179F;&#x1798;&#x17D2;&#x179B;&#x17B6;&#x1794;&#x17CB;&#x1785;&#x17C4;&#x179B; &#x17A0;&#x17BE;&#x1799;&#x17A2;&#x17C4;&#x1799;&#x178F;&#x17B6;&#x1794;&#x179F;&#x17A1;&#x17BE;&#x1784;&#x179F;&#x17C4;&#x1799;&#x179A;&#x17B6;&#x1787;&#x17D2;&#x1799;&#x179C;&#x17B7;&#x1789; &#x17D4;&#x200B;</subfield>
  </datafield>
  <datafield tag="520" ind1=" " ind2=" ">
    <subfield code="a">Prince Duttakumara was the son of a king. Because the prince was a stubborn and unreasonable child, the royal guards took him and set him adrift on the water. The prince floated away while holding onto a piece of wood, together with a snake, a parrot, and a rat. Later, the four of them met the hermit Utech Tapas. The hermit gave food to the three animals first before the prince, which made the prince very angry and caused him to hold a grudge against the hermit.
A few days later, the four of them parted from the hermit and promised that they would repay his kindness one day. The hermit then went to visit the prince in the city. Because of his grudge, the prince ordered the guards to seize the hermit and execute him. After learning the truth from the hermit, the guards instead captured the prince and put him to death, and they appointed the hermit to take the throne and rule the kingdom . </subfield>
  </datafield>
  <datafield tag="521" ind1="8" ind2=" ">
    <subfield code="a">550 
</subfield>
    <subfield code="b">Lexile estimate 
</subfield>
  </datafield>
  <datafield tag="521" ind1="8" ind2=" ">
    <subfield code="a">N 
</subfield>
    <subfield code="b">Raz-Plus 
</subfield>
  </datafield>
  <datafield tag="650" ind1=" " ind2=" ">
    <subfield code="a">&#x17A7;&#x1791;&#x17B7;&#x1785;&#x17D2;&#x1785;&#x178F;&#x17B6;&#x1794;&#x179F;</subfield>
    <subfield code="v">&#x179A;&#x17BF;&#x1784;&#x1793;&#x17B7;&#x1791;&#x17B6;&#x1793;&#x1780;&#x17BB;&#x1798;&#x17B6;&#x179A;&#x200B;</subfield>
  </datafield>
  <datafield tag="650" ind1=" " ind2=" ">
    <subfield code="a">The ascetic man </subfield>
    <subfield code="v">Children's Stories </subfield>
  </datafield>
  <datafield tag="700" ind1=" " ind2=" ">
    <subfield code="a">Saren , Koam </subfield>
    <subfield code="e">Illustrator </subfield>
  </datafield>
  <datafield tag="942" ind1=" " ind2=" ">
    <subfield code="2">ddc</subfield>
    <subfield code="c">KHB</subfield>
    <subfield code="n">0</subfield>
  </datafield>
  <datafield tag="999" ind1=" " ind2=" ">
    <subfield code="c">9283</subfield>
    <subfield code="d">9283</subfield>
  </datafield>
  <datafield tag="952" ind1=" " ind2=" ">
    <subfield code="0">0</subfield>
    <subfield code="1">0</subfield>
    <subfield code="2">ddc</subfield>
    <subfield code="4">0</subfield>
    <subfield code="7">0</subfield>
    <subfield code="8">KH</subfield>
    <subfield code="a">002</subfield>
    <subfield code="b">002</subfield>
    <subfield code="c">TTP Khmer</subfield>
    <subfield code="d">2025-12-09</subfield>
    <subfield code="l">0</subfield>
    <subfield code="o">SOT PZ7 398.2 </subfield>
    <subfield code="p">2025-5090</subfield>
    <subfield code="r">2025-12-09 09:37:35</subfield>
    <subfield code="w">2025-12-09</subfield>
    <subfield code="y">KHB</subfield>
  </datafield>
</record>
